[Event "Asia-ch Amateur"]
[Site "Muscat"]
[Date "2022.09.30"]
[Round "2"]
[White "Al Amri, Mahad"]
[Black "Salim Issa, Ali Shamas"]
[Result "1-0"]
[WhiteElo "1589"]
[BlackElo "1886"]
[PlyCount "81"]
[EventDate "2022.09.29"]
[EventType "swiss"]
[EventRounds "9"]
[EventCountry "OMN"]
[SourceTitle "CBM 210 Extra"]
[Source "ChessBase"]
[SourceDate "2022.11.30"]
[SourceVersion "1"]
[SourceVersionDate "2022.11.30"]
[SourceQuality "1"]

1. e4 c5 2. Nf3 e6 3. d4 cxd4 4. Nxd4 a6 5. Nc3 Qc7 6. a3 Nf6 7. Be2 d6 8. Be3 Nbd7 9. 0-0 b5 10. Qd2 Bb7 11. f3 Be7 12. Rad1 0-0 13. g4 Rfc8 14. Rf2 Ne5 15. g5 Nfd7 16. f4 Nc4 17. Bxc4 Qxc4 18. f5 e5 19. Nde2 Bxe4 20. f6 Bf8 21. Ng3 Bb7 22. fxg7 Bxg7 23. Qxd6 Nf8 24. Rdf1 Rc7 25. Qd3 Qc6 26. Nce4 Ng6 27. Nc5 Nf4 28. Bxf4 Qxc5 29. Be3 Qc6 30. b4 Qe6 31. Qf5 Qc6 32. Rd1 Qe8 33. Rd6 Rd8 34. Rfd2 Rxd6 35. Rxd6 Bf8 36. Nh5 Bg7 37. Rh6 Qd7 38. Qxh7+ Kf8 39. Qxg7+ Ke8 40. Rh8+ Ke7 41. Qf6# 1-0

[Event "OMA-chT Clubs"]
[Site "Muscat"]
[Date "2022.09.02"]
[Round "9.1"]
[White "Al Amri, Mahad"]
[Black "Krishanu, Sai"]
[Result "0-1"]
[WhiteElo "1589"]
[BlackElo "1748"]
[PlyCount "23"]
[EventDate "2022.08.26"]
[EventType "team-swiss"]
[EventRounds "9"]
[EventCountry "OMN"]
[SourceTitle "EXT 2023"]
[Source "ChessBase"]
[SourceDate "2022.10.05"]
[SourceVersion "1"]
[SourceVersionDate "2022.10.05"]
[SourceQuality "1"]
[WhiteTeam "Masirah White"]
[BlackTeam "Majees White"]
[WhiteTeamCountry "OMN"]
[BlackTeamCountry "OMN"]

1. e4 c5 2. Nf3 d6 3. d4 cxd4 4. Nxd4 Nf6 5. Nc3 a6 6. Be3 e6 7. g4 e5 8. Nf5 g6 9. g5 gxf5 10. exf5 d5 11. gxf6 d4 12. Bc1 0-1

[Event "OMA-chT Clubs"]
[Site "Muscat"]
[Date "2022.08.26"]
[Round "1.1"]
[White "Al Amri, Mahad"]
[Black "Al Darwashi, Usama"]
[Result "1-0"]
[WhiteElo "1589"]
[BlackElo "1489"]
[PlyCount "63"]
[EventDate "2022.08.26"]
[EventType "team-swiss"]
[EventRounds "9"]
[EventCountry "OMN"]
[SourceTitle "EXT 2023"]
[Source "ChessBase"]
[SourceDate "2022.10.05"]
[SourceVersion "1"]
[SourceVersionDate "2022.10.05"]
[SourceQuality "1"]
[WhiteTeam "Masirah White"]
[BlackTeam "Al Nahdha"]
[WhiteTeamCountry "OMN"]
[BlackTeamCountry "OMN"]

1. e4 c5 2. Nf3 Nc6 3. d4 cxd4 4. Nxd4 Nf6 5. Nc3 e5 6. Ndb5 d6 7. Nd5 Nxd5 8. exd5 Nb8 9. c4 a6 10. Qa4 Bd7 11. Qa3 Bxb5 12. cxb5 Nd7 13. bxa6 bxa6 14. Be3 Be7 15. Be2 0-0 16. 0-0 f5 17. f4 e4 18. Rac1 Nf6 19. Rc6 Kh8 20. Rd1 a5 21. Bb6 Qe8 22. Qc3 a4 23. Bc7 Qf7 24. Bxd6 Nxd5 25. Rxd5 Qxd5 26. Bxe7 Rfe8 27. Rc7 Qf7 28. Bd6 Qg6 29. Bh5 Qh6 30. Bxe8 Rxe8 31. Be5 Qb6+ 32. Bd4 1-0

[Event "Muscat Design Group op 1st"]
[Site "Muscat"]
[Date "2022.03.26"]
[Round "6"]
[White "Al Amri, Mahad"]
[Black "Shaurya, Dinesh Sawlani"]
[Result "0-1"]
[WhiteElo "1618"]
[BlackElo "1406"]
[PlyCount "86"]
[EventDate "2022.03.23"]
[EventType "swiss"]
[EventRounds "7"]
[EventCountry "OMN"]
[SourceTitle "EXT 2023"]
[Source "ChessBase"]
[SourceDate "2022.10.05"]
[SourceVersion "1"]
[SourceVersionDate "2022.10.05"]
[SourceQuality "1"]

1. e4 c5 2. Nf3 Nc6 3. d4 cxd4 4. Nxd4 g6 5. h4 Nf6 6. Nxc6 bxc6 7. e5 Qa5+ 8. Nc3 Qxe5+ 9. Be3 Bh6 10. Qd4 Qxd4 11. Bxd4 Bg7 12. g4 0-0 13. f3 Nd5 14. Nxd5 cxd5 15. Bxg7 Kxg7 16. 0-0-0 e6 17. Bd3 a5 18. c3 Ba6 19. Bc2 Be2 20. Rd4 Bxf3 21. Re1 h5 22. gxh5 Bxh5 23. c4 d6 24. cxd5 e5 25. Rc4 Rac8 26. Rc6 Rxc6 27. dxc6 Rc8 28. Be4 f5 29. Bd5 Kf6 30. Kd2 e4 31. Rc1 Ke5 32. Bb3 Rc7 33. Ba4 f4 34. a3 Kd4 35. b4 axb4 36. axb4 f3 37. b5 f2 38. b6 e3+ 39. Kc2 e2 40. bxc7 Bg4 41. Kb3 f1Q 42. Rc4+ Ke5 43. Rxg4 Qf3+ 0-1

[Event "OMA-ch"]
[Site "Muscat"]
[Date "2022.02.14"]
[Round "6"]
[White "Al Hamrashdi, Omar"]
[Black "Al Amri, Mahad"]
[Result "0-1"]
[WhiteElo "1089"]
[BlackElo "1596"]
[PlyCount "75"]
[EventDate "2022.02.10"]
[EventType "swiss"]
[EventRounds "9"]
[EventCountry "OMN"]
[SourceTitle "EXT 2023"]
[Source "ChessBase"]
[SourceDate "2022.10.05"]
[SourceVersion "1"]
[SourceVersionDate "2022.10.05"]
[SourceQuality "1"]

1. c4 Nf6 2. d4 e6 3. Nc3 d5 4. a3 c6 5. cxd5 exd5 6. Nf3 Bd6 7. Bg5 Bf5 8. e3 Qb6 9. Bxf6 gxf6 10. Qd2 Nd7 11. Nh4 Bg6 12. b4 f5 13. Na4 Qc7 14. Nxg6 fxg6 15. g3 0-0 16. Nc5 Rae8 17. Nxd7 Qxd7 18. Bg2 f4 19. gxf4 Bxf4 20. 0-0-0 Bh6 21. h4 Rxf2 22. Qxf2 Bxe3+ 23. Qxe3 Rxe3 24. h5 Qf5 25. Rd2 Rc3+ 26. Kb2 Rd3 27. Rhd1 Rxd2+ 28. Rxd2 Qxh5 29. b5 cxb5 30. Rc2 a5 31. Rc5 b6 32. Bxd5+ Kf8 33. Rc8+ Ke7 34. Bb3 Qg4 35. Rc6 Qxd4+ 36. Ka2 a4 37. Re6+ Kd7 38. Rd6+ 0-1

[Event "OMA-ch"]
[Site "Muscat"]
[Date "2021.09.28"]
[Round "8"]
[White "Al Amri, Mohmmed Ali"]
[Black "Al Amri, Mahad"]
[Result "1-0"]
[WhiteElo "1772"]
[BlackElo "1617"]
[PlyCount "44"]
[EventDate "2021.09.22"]
[EventType "swiss"]
[EventRounds "9"]
[EventCountry "OMN"]
[SourceTitle "EXT 2023"]
[Source "ChessBase"]
[SourceDate "2022.10.05"]
[SourceVersion "1"]
[SourceVersionDate "2022.10.05"]
[SourceQuality "1"]

1. e4 c6 2. d4 d5 3. e5 Bf5 4. Nc3 e6 5. g4 Bg6 6. Nge2 c5 7. h4 h5 8. Nf4 Nc6 9. Nxg6 fxg6 10. Be3 Qb6 11. Bb5 cxd4 12. Bxd4 Bc5 13. Bxc5 Qxc5 14. Qd3 Nge7 15. 0-0-0 Qxf2 16. Rdf1 Qb6 17. Na4 Qc7 18. Nc5 Qc8 19. Qf3 Kd8 20. Qf7 Nd4 21. b4 b6 22. Ba6 Qc7 1-0

[Event "OMA-chT"]
[Site "Muscat"]
[Date "2020.01.31"]
[Round "9.3"]
[White "Salim Issa, Ali Shamas"]
[Black "Al Amri, Mahad"]
[Result "1/2-1/2"]
[WhiteElo "1880"]
[BlackElo "1630"]
[PlyCount "72"]
[EventDate "2020.01.25"]
[EventType "team-swiss"]
[EventRounds "9"]
[EventCountry "OMN"]
[SourceTitle "CBM 194 Extra"]
[Source "ChessBase"]
[SourceDate "2020.03.31"]
[SourceVersion "1"]
[SourceVersionDate "2020.03.31"]
[SourceQuality "1"]

1. Nf3 Nf6 2. g3 g6 3. Bg2 Bg7 4. Nc3 0-0 5. 0-0 c5 6. d3 Nc6 7. e3 d5 8. d4 Bf5 9. dxc5 Nb4 10. Nd4 Ne4 11. Nxe4 Bxe4 12. Bxe4 dxe4 13. a3 e5 14. axb4 exd4 15. exd4 Bxd4 16. c3 Be5 17. Qxd8 Rfxd8 18. Bg5 f6 19. Be3 Kf7 20. Rfd1 a6 21. Kf1 Ke6 22. Ke2 h6 23. Rxd8 Rxd8 24. Rd1 Rxd1 25. Kxd1 g5 26. h3 f5 27. Kc2 f4 28. gxf4 gxf4 29. Bd2 Kf5 30. Kb3 f3 31. Kc4 Bg3 32. Be3 Bf4 33. Kd4 Be5+ 34. Kd5 Bf4 35. Kd4 Be5+ 36. Kd5 Bf4 1/2-1/2

[Event "OMA-ch"]
[Site "Muscat"]
[Date "2019.12.07"]
[Round "7"]
[White "Al Amri, Mahad"]
[Black "Al Mamari, Ali Abdullah"]
[Result "0-1"]
[WhiteElo "1630"]
[BlackElo "1309"]
[PlyCount "108"]
[EventDate "2019.12.02"]
[EventType "swiss"]
[EventRounds "9"]
[EventCountry "OMN"]
[SourceTitle "CBM 195 Extra"]
[Source "ChessBase"]
[SourceDate "2020.05.31"]
[SourceVersion "1"]
[SourceVersionDate "2020.05.31"]
[SourceQuality "1"]

1. e4 e5 2. Nf3 Nc6 3. Bc4 h6 4. d4 exd4 5. Nxd4 Qf6 6. Be3 Bc5 7. c3 Qg6 8. 0-0 d6 9. Nxc6 Bxe3 10. fxe3 Nf6 11. Nd4 Qxe4 12. Qf3 Qe5 13. Nf5 Bxf5 14. Qxf5 Qxe3+ 15. Qf2 Qxf2+ 16. Rxf2 d5 17. Re2+ Kd7 18. Bb3 Rae8 19. Rxe8 Rxe8 20. Nd2 Re2 21. Rd1 c6 22. Kf1 Re7 23. h3 Kc7 24. Re1 Rxe1+ 25. Kxe1 Kd6 26. Ke2 Nh5 27. Kf3 Ke5 28. Kg4 g6 29. Nf3+ Ke4 30. Bc2+ Ke3 31. Ne5 f5+ 32. Bxf5 Nf6+ 33. Kg3 gxf5 34. Nf7 f4+ 35. Kh2 h5 36. Nd8 c5 37. Nxb7 d4 38. Nxc5 d3 39. Nxd3 Kxd3 40. Kg1 Ne4 41. Kf1 Ke3 42. a4 Nd2+ 43. Ke1 Nb3 44. Kf1 h4 45. Ke1 a5 46. Kf1 f3 47. gxf3 Kxf3 48. Kg1 Kg3 49. Kh1 Kxh3 50. Kg1 Kg3 51. Kh1 h3 52. Kg1 h2+ 53. Kh1 Nc5 54. b4 Ne4 0-1

[Event "OMA-ch"]
[Site "Muscat"]
[Date "2019.12.05"]
[Round "5"]
[White "Al Dahmani, Zayid"]
[Black "Al Amri, Mahad"]
[Result "0-1"]
[WhiteElo "1393"]
[BlackElo "1630"]
[PlyCount "56"]
[EventDate "2019.12.02"]
[EventType "swiss"]
[EventRounds "9"]
[EventCountry "OMN"]
[SourceTitle "CBM 195 Extra"]
[Source "ChessBase"]
[SourceDate "2020.05.31"]
[SourceVersion "1"]
[SourceVersionDate "2020.05.31"]
[SourceQuality "1"]

1. c4 Nf6 2. b3 g6 3. Bb2 Bg7 4. Nf3 0-0 5. Nc3 c6 6. d4 d5 7. e3 Bf5 8. Bd3 Ne4 9. Nh4 Nxc3 10. Bxc3 Bxd3 11. Qxd3 e5 12. Nf5 gxf5 13. Qxf5 exd4 14. Bb4 dxe3 15. Bxf8 Qxf8 16. Rd1 dxc4 17. Qg5 cxb3 18. axb3 Na6 19. fxe3 Qb4+ 20. Kf2 Re8 21. Rhf1 h6 22. Qg3 Qxb3 23. Rfe1 Nc5 24. Kg1 Ne4 25. Qg4 b5 26. Rd4 Qe6 27. Qh4 Bxd4 28. exd4 Qg6 0-1